LIBRARY & INFORMATION CENTRE, KCAET, TAVANUR

ONLINE PUBLIC ACCESS CATALOGUE (OPAC)

AQUEOUS EXTRACTION OF ANTHOCYANINS FROM HIBISCUS BY COUPLING INSTANTANEOUS PRESSURE DROP AND MICROWAVE ASSISTED PROCESS (Record no. 17652)

MARC details
000 -LEADER
fixed length control field 00373nam a22001217a 4500
003 - CONTROL NUMBER IDENTIFIER
control field OSt
082 ## - DEWEY DECIMAL CLASSIFICATION NUMBER
Classification number 664
088 ## - REPORT NUMBER
Report number T569
100 ## - MAIN ENTRY--AUTHOR NAME
Personal name NASIM BANU B
245 ## - TITLE STATEMENT
Title AQUEOUS EXTRACTION OF ANTHOCYANINS FROM HIBISCUS BY COUPLING INSTANTANEOUS PRESSURE DROP AND MICROWAVE ASSISTED PROCESS
260 ## - PUBLICATION, DISTRIBUTION, ETC. (IMPRINT)
Place of publication Thavanur
Name of publisher Deparment of post harvest technology
Year of publication 2023
942 ## - ADDED ENTRY ELEMENTS (KOHA)
Koha item type Theses
Holdings
Home library Current library Full call number Accession Number Koha item type Public note
KAUAET KAUAET 664 T 569 Theses M.Tech Thesis
free website counter